000
00289nam a22001337a 4500
008
181003b xxu||||| |||| 00| 0 eng d
020
_a
9780226139449
041
_a
eng
080
_a
940
100
_a
17
101
_a
HIS
245
_a
Discipline & Experience
_c
Dear,P
942
_2
udc
_c
BK
999
_c
48799
_d
48799